The cuckoo and the pigeon : (Record no. 761)
[ view plain ]
| 000 -LEADER | |
|---|---|
| fixed length control field | 01757nam a22002897a 4500 |
| 005 - DATE AND TIME OF LATEST TRANSACTION | |
| control field | 20230706111511.0 |
| 020 ## - INTERNATIONAL STANDARD BOOK NUMBER | |
| International Standard Book Number | 9788177697674 (pbk.) |
| 020 ## - INTERNATIONAL STANDARD BOOK NUMBER | |
| International Standard Book Number | 8177697676 (pbk.) |
| 040 ## - CATALOGING SOURCE | |
| Original cataloging agency | DKAGE |
| Language of cataloging | eng |
| Transcribing agency | DKAGE |
| Modifying agency | WHE |
| -- | DLC |
| Description conventions | rda |
| 050 00 - LIBRARY OF CONGRESS CALL NUMBER | |
| Classification number | GR307.B47 |
| Item number | N43 2009 |
| 082 04 - DEWEY DECIMAL CLASSIFICATION NUMBER | |
| Classification number | 398.2095498 |
| Edition number | 22 |
| 100 0# - MAIN ENTRY--PERSONAL NAME | |
| Personal name | Phuntsho, Ngawang . |
| 245 14 - TITLE STATEMENT | |
| Title | The cuckoo and the pigeon : |
| Remainder of title | a collection of folktales from rural Bhutan / |
| Statement of responsibility, etc. | Phuntsho, Ngawang . |
| 260 ## - PUBLICATION, DISTRIBUTION, ETC. | |
| Place of publication, distribution, etc. | Varanasi : |
| Name of publisher, distributor, etc. | Pilgrims, |
| Date of publication, distribution, etc. | 2009. |
| 300 ## - PHYSICAL DESCRIPTION | |
| Extent | 97 pages : |
| Other physical details | illustrations ; |
| Dimensions | 22 cm. |
| 500 ## - GENERAL NOTE | |
| General note | Ngawang Phuntsho is from a small village of Wamling in the Central Bhutan. He studied English Literature in Bhutan's premier college Sherubtse. He writes short stories and blogs regularly on social issues that confront the nation. His first book of folktales was published in Nepal. In 2012, he also published a book of contemporary short stories - Then I Saw Her Face. Today Ngawang works for an International NGO - READ Bhutan as Development Officer and lives with his wife and a two-year old-daughter in the capital city of Thimphu. |
| 505 ## - FORMATTED CONTENTS NOTE | |
| Formatted contents note | O <br/> |
| 520 ## - SUMMARY, ETC. | |
| Summary, etc. | The Cuckoo and the Pigeon is a collection of thirty-five folktales from the Himalayan Kingdom of Bhutan. The stories take the readers into the lands of demons and monsters, fairies and magicians, of beauty and the beast, and will entertain readers of all ages with striking morals and lessons. Welcome to a fun-filled adventurous journey! |
| 521 ## - TARGET AUDIENCE NOTE | |
| Target audience note | 650 <br/><br/> |
| Source | Lexile <br/> |
| 521 ## - TARGET AUDIENCE NOTE | |
| Target audience note | O <br/><br/> |
| Source | Raz-Plus <br/> |
| 650 #0 - SUBJECT ADDED ENTRY--TOPICAL TERM | |
| Topical term or geographic name entry element | Tales |
| Geographic subdivision | Bhutan. |
| General subdivision | folktales |
| 650 #0 - SUBJECT ADDED ENTRY--TOPICAL TERM | |
| Topical term or geographic name entry element | Folklore |
| Geographic subdivision | Bhutan. |
| General subdivision | folktales |
| 906 ## - LOCAL DATA ELEMENT F, LDF (RLIN) | |
| a | 7 |
| b | cbc |
| c | copycat |
| d | 3 |
| e | ncip |
| f | 20 |
| g | y-gencatlg |
| 942 ## - ADDED ENTRY ELEMENTS (KOHA) | |
| Source of classification or shelving scheme | Dewey Decimal Classification |
| Koha item type | Books |
| Suppress in OPAC | No |
| 999 ## - | |
| -- | 761 |
| -- | 761 |
| Withdrawn status | Lost status | Source of classification or shelving scheme | Damaged status | Not for loan | Collection | Home library | Current library | Shelving location | Date acquired | Total Checkouts | Full call number | Barcode | Date last seen | Date last checked out | Price effective from | Koha item type |
|---|---|---|---|---|---|---|---|---|---|---|---|---|---|---|---|---|
| Dewey Decimal Classification | Juvenile Fiction | Footprints International School Library Network Toul Kork Campus | Footprints International School Library Network Toul Kork Campus | TK Primary Library Room(4th Floor), Bookcase 5&6, Shelves 33-56, Orange Books | 07/06/2023 | 1 | PHU 398.2 PZ7 | 2023-0121 | 11/16/2023 | 10/05/2023 | 07/06/2023 | Books |
